000 00863nam a2200181Ia 4500
003 GCL
008 140319s9999 xx 000 0 ara d
040 _aGCL /
_cGCL
082 0 4 _a260
_bن ج
100 1 _aيوسف النبهانى، يوسف بن اسماعيل بن يوسف (1849 -1932 )
245 1 0 _aكتاب جامع كرامات الاولياء :
_bويليه كتاب اسباب التاليف و بهامشه كتاب نشر المحاسن الغالية فى فضل مشايخ الصوفية اصحاب المقامات العاليية /
_cيوسف النبهانى، يوسف بن اسماعيل بن يوسف (1849 -1932 )
260 _aبيروت :
_bدار صادر ،
_c1991
300 _a408 ص ؛
_c30 سم
490 _a
650 0 4 _aالكرامات
650 0 4 _aالتصوف الاسلامى - المقامات
942 _2ddc
_cBK
999 _c59251
_d59251